ბათუმის შოთა რუსთაველის სახელმწიფო უნივერსიტეტის ბიბლიოთეკა

Реферативный журнал, №4.2014.биология. (ბიბ.ჩანაწერი № 43189)

000 -LEADER
fixed length control field 00692nam a2200217Ia 4500
001 - CONTROL NUMBER
control field 9911
003 - CONTROL NUMBER IDENTIFIER
control field GE_BSU
008 - FIXED-LENGTH DATA ELEMENTS--GENERAL INFORMATION
fixed length control field 181216s||||||||xx |||||||||||||| ||und||
040 ## - CATALOGING SOURCE
Transcribing agency GE_BSU
245 ## - TITLE STATEMENT
Title Реферативный журнал, №4.2014.биология.
245 ## - TITLE STATEMENT
Remainder of title Раздел 04В.Ботаника .04В1.Ботаника
245 ## - TITLE STATEMENT
Statement of responsibility, etc. Гл.ред.РАН.Р.В.ПЕТРОВ
260 ## - PUBLICATION, DISTRIBUTION, ETC.
Place of publication, distribution, etc. Москва
260 ## - PUBLICATION, DISTRIBUTION, ETC.
Name of publisher, distributor, etc. Винити РАН
260 ## - PUBLICATION, DISTRIBUTION, ETC.
Date of publication, distribution, etc. 2014
300 ## - PHYSICAL DESCRIPTION
Extent 36стр.30см.
653 ## - INDEX TERM--UNCONTROLLED
Uncontrolled term Раздел 04В.Ботаника .04В1.Ботаника
653 ## - INDEX TERM--UNCONTROLLED
Uncontrolled term Реферативный журнал,
653 ## - INDEX TERM--UNCONTROLLED
Uncontrolled term პერიოდიკა
942 ## - ADDED ENTRY ELEMENTS (KOHA)
Koha item type პერიოდიკა
ეგზემპლარები
Withdrawn status Lost status Damaged status Not for loan Date acquired Barcode Date last seen Price effective from Koha item type
        2018-12-17 p76249 2018-12-17 2018-12-17 პერიოდიკა